|
|
|
|
| LEADER |
00000cam a2200000 7i4500 |
| 001 |
0000048972 |
| 005 |
20220105105341.0 |
| 008 |
230615 |
| 020 |
|
|
|a 9832316480
|
| 090 |
0 |
0 |
|a CT
|b MAL
|
| 245 |
0 |
0 |
|a Si yatim
|
| 260 |
|
|
|a Kuala Lumpur :
|b Penerbitan PCT Sdn Bhd ,
|c 2001
|
| 300 |
|
|
|a 63pg.
|
| 490 |
1 |
|
|a Siri mitos legenda
|
| 500 |
|
|
|a Children ages 7-9 years old (orange)
|
| 650 |
|
0 |
|a Classic tales
|
| 999 |
|
|
|a 0000004128
|b Book
|c Children Collection
|e Cawangan Taman Universiti
|
| 999 |
|
|
|a 0000004129
|b Book
|c Children Collection
|e Cawangan Taman Universiti
|
| 999 |
|
|
|a 0000004130
|b Book
|c Children Collection
|e Cawangan Taman Universiti
|
| 999 |
|
|
|a 0001051270
|b Book
|c Children Collection
|e Cawangan Segamat
|
| 999 |
|
|
|a 0001051271
|b Book
|c Children Collection
|e Cawangan Bukit Gambir
|